• 首页
  • 本馆介绍
  • 公告通知
  • 最新文献
  • 馆藏检索
  • 电子资源
  • 读者导购
  • 参考咨询
  • 我的图书馆
  • 登录
  • 详细信息显示
  • 放入我的书架
  • 预约/预借图书
  • 作者相关作品
  • 分类相关作品
  • 丛书相关作品
  • 出版社相关作品

书目信息

  • 表格格式
  • 工作单格式
  • 卡片格式
题名:
大学英语同义词词林
    
 
作者: 陈振东 编著
分册:  
出版信息: 上海   复旦大学出版社  1996.4
页数: 682页
开本: 21cm
丛书名:
单 册:
中图分类: H313.2
科图分类:
主题词: 英语
电子资源:
ISBN: 7-309-01646-7
000 00496nam0 2200193 45
001 0005111516
005 20040506110524.5
010    @a7-309-01646-7@dCNY24.00
100    @a20000511d1996 km y0chiy0120 ea
101    @achi
105    @a z 000yy
200 1  @a大学英语同义词词林@f陈振东,金阳编著
210    @a上海@c复旦大学出版社@d1996.4
215    @a682页@d21cm
606 0  @a英语
690    @aH313.2@v1
701    @a陈振东@4编著
801    @aCN@bTSTC@c20000511
905    @dH313.2@e222@f1@b288359
    
    大学英语同义词词林/陈振东,金阳编著.-上海:复旦大学出版社,1996.4
    682页;21cm
    
    
    ISBN 7-309-01646-7:CNY24.00
    
●
相关链接 在E读中查询图书 在五车中查询图书 在当当中查询图书 在豆瓣中查询图书


正题名:大学英语同义词词林     索取号:H313.2/222         预约/预借

序号 登录号 条形码 馆藏地/架位号 状态 备注
1 0288359   002883598   第二样本阅览室/ [索取号:H313.2/222] 在馆    
唐山师范学院图书馆 欢迎您!
大连网信软件有限公司© 版权所有